| 000 | 00566nam a2200229Ia 4500 | ||
|---|---|---|---|
| 003 | OSt | ||
| 005 | 20220926044749.0 | ||
| 006 | a|||||r|||| 00| 0 | ||
| 007 | ta | ||
| 008 | 220923b |||||||| |||| 00| 0 eng d | ||
| 037 | _cGeneral Book | ||
| 040 |
_aRTL _cRTL _beng |
||
| 041 |
_2eng _aeng |
||
| 082 | _aV41.N5, J4 | ||
| 100 | _aMao Tse-Tung | ||
| 245 | 0 | _aConquest of China | |
| 260 | _c1954 | ||
| 490 | _aWorld Communism Series; 2 | ||
| 650 | _aChina History | ||
| 942 |
_hV41.N5, J4 _cGB _2CC |
||
| 999 |
_c675739 _d675739 |
||